LEADER 01376nam a2200229 i 4500 001 000000031463 003 CaOOAMICUS 005 20180830125449.0 008 180830s1768 it d u000 u ita u 040 $aSeMil$bita 245 10$aDizionario storico degli autori ecclesiastici contenente la vita de' Padri, e de' Dottori della chiesa; degl'interpreti migliori della Sagra Scrittura, Ebrei, e Cristiani; de' teologi morali, mistici, polemici, anche eterodossi, .. 260 $aIn Venezia :$bAppresso Gaspare Storti, librajo in Merceria, all' Insegna della Fortezza,$c1768-1771. 300 $a4 v. ;$c8°. 500 $aFregi, iniz. xulogr. - Cors. ; rom. 650 4$aAutori cristiani - Enciclopedie e dizionari.$0(OLS)http://semarc/subject/5046 700 1 $aStorti, Gasparo$b<2.,$cEditore>.$0(OLS)http://semarc/name/5662 774 0 $t[A-C].$g1$w()239186 774 0 $t[D-G].$g2$w()239187 774 0 $t[H-P].$g3$w()239188 774 0 $t[Q-Z].$g4$w()239189 996 $6245$aDizionario storico degli autori ecclesiastici contenente la vita de' Padri, e de' Dottori della chiesa; degl'interpreti migliori della Sagra Scrittura, Ebrei, e Cristiani; de' teologi morali, mistici, polemici, anche eterodossi, ..$9(OLS)http://semarc/title/42766 996 $6260$aIn Venezia :$bAppresso Gaspare Storti, librajo in Merceria, all' Insegna della Fortezza$9(OLS)http://semarc/publisher/38904 LEADER 01416nam a2200301 i 4500 001 000000071591 003 CaOOAMICUS 005 20130404000000.0 008 130404s1995 it u000 u ita u 013 $a42763 020 $a88-250-0220-3 040 $aSeMil$bita 245 10$aCosmologia e antropologia :$bper una scienza dell'uomo /$cAssociazione Teologica Italiana ; A cura di Giovanni Ancona. 260 $aPadova :$bMessaggero,$ccopyr. 1995. 300 $a228 p. ;$c21 cm. 490 0 $aStudi religiosi 500 $aContiene : Nota bibliografica. - Sul verso del front : Atti del Congresso Zonale-Sud dell'Associazione Teologica Italiana. Molfetta, 20-22 settembre 1994. 650 4$aUomo - Evoluzione.$0(OLS)http://semarc/subject/4575 650 4$aCosmologia.$0(OLS)http://semarc/subject/1855 700 1 $aAncona, Giovanni,$d<1956- >.$0(OLS)http://semarc/name/15093 710 0 $aAssociazione teologica italiana.$0(OLS)http://semarc/name/324 830 0$aStudi religiosi.$0(OLS)http://semarc/title/434 850 $aSeMil 852 $aSeMil$W1$xVenegono$y1$m2M I 214$j37744$B37744$CSeMilBibl$Z2$F37747 $81 961 $aAcquisto: Casa editrice 996 $6020$a88-250-0220-3$9(OLS)http://semarc/number/50704 996 $6245$aCosmologia e antropologia :$bper una scienza dell'uomo$9(OLS)http://semarc/title/115172 996 $6260$aPadova :$bMessaggero$9(OLS)http://semarc/publisher/29786